Answer with Pictures - Statistics

General Stats
  • This quiz has been taken 67 times
    20 since last reset
  • The average score is 9 of 15
Answer Stats
Question Answer % Correct
What was the name of the band in the 60s and 70s that started in Liverpool
100%
What company has Tim Cook as its CEO
100%
What is the name of the region stretching from Canada to Texas, The Great…
100%
What term is used for antique plates or vases
67%
What was the name of the Fast & Furious movie that came out in the US in 2006
67%
What is the capital of Nebraska
67%
Which song came first in Toto’s “The Best Of Toto” album
67%
Which country dose Easter Island belong to
67%
Founded in 1902, which US retail store is headquartered in Minneapolis
67%
What is the name for a group of fish
67%
What is the most common Thanksgiving dish
67%
456 grams are equal to what
67%
What is the only Great Lake to border Pennsylvania
33%
Frank Sinatra sang the theme of what movie
0%
What is the name of Mickey Mouse’s dog
0%
No matching quizzes found
Score Distribution
Percent of People with Each Score
Percentile by Number Answered
Your Score History
You have not taken this quiz since the last reset